Vol.2. compiled by Elaine Kilmurray (Record no. 95487)

MARC details
000 -LEADER
fixed length control field 00470cam a2200181 4500
001 - CONTROL NUMBER
control field D3182
008 - FIXED-LENGTH DATA ELEMENTS--GENERAL INFORMATION
fixed length control field 090401t1979 xxu||||| |||| 00| 0 eng d
035 ## - SYSTEM CONTROL NUMBER
System control number (Sirsi) u72179
041 ## - LANGUAGE CODE
Language code of text/sound track or separate title eng
050 ## - LIBRARY OF CONGRESS CALL NUMBER
Classification number 757.03
110 ## - MAIN ENTRY--CORPORATE NAME
Corporate name or jurisdiction name as entry element Dictionary of British Portraiture
9 (RLIN) 3274
245 ## - TITLE STATEMENT
Title Vol.2. compiled by Elaine Kilmurray
260 ## - PUBLICATION, DISTRIBUTION, ETC.
Place of publication, distribution, etc. London
Name of publisher, distributor, etc. B T Batsford in association with the Nat
Date of publication, distribution, etc. 1979
300 ## - PHYSICAL DESCRIPTION
Extent 230p. 25cm
350 ## - PRICE (NR) (BK AM CF MU VM SE) [OBSOLETE]
Price 25
942 ## - ADDED ENTRY ELEMENTS (KOHA)
Suppress in OPAC 0
948 ## - LOCAL PROCESSING INFORMATION (OCLC); SERIES PART DESIGNATOR (RLIN)
c (OCLC) 04/03/1997
Holdings
Withdrawn status Lost status Source of classification or shelving scheme Damaged status Not for loan Home library Current library Shelving location Date acquired Cost, normal purchase price Total Checkouts Full call number Barcode Date last seen Copy number Cost, replacement price Price effective from Koha item type
    Dewey Decimal Classification     London London Books 14/09/1999 25.00   757.03 30021128 06/08/2019 1 25.00 06/08/2019 Reference material